| 000 | 00454nam a22001817a 4500 | ||
|---|---|---|---|
| 005 | 20180206110930.0 | ||
| 008 | 160428b xxu||||| |||| 00| 0 eng d | ||
| 020 | _a0-07-041183-2 | ||
| 041 | _aeng | ||
| 082 |
_b00502 _a005.133 |
||
| 100 |
_aSchildt, Herbert _9149 |
||
| 245 | _aThe Complete Reference: "C" | ||
| 250 | _a4TH ED. | ||
| 260 |
_aNew Delhi _bTMH Publ.co.Ltd. _c2003 |
||
| 300 | _a805 | ||
| 650 |
_aInformation Technology _9137 |
||
| 942 | _cBK | ||
| 999 |
_c146 _d146 |
||